| 000 | 00554nam a2200181Ia 4500 | ||
|---|---|---|---|
| 008 | 240729s9999 xx 000 0 und d | ||
| 022 | _a2475-6164 | ||
| 245 | 0 | _aJournal of Contemporary Urban Affairs | |
| 260 | _aTürkiye | ||
| 260 | _bAlanya Üniversitesi | ||
| 650 | _a Communities. Classes. Races | ||
| 650 | _a Urban groups. The city. Urban sociology | ||
| 650 | _a Urban renewal. Urban redevelopment | ||
| 650 | _aSocial Sciences | ||
| 856 | _uhttps://doaj.org/toc/46d9c2ceea5a4a589524e1ee210b370d | ||
| 942 | _2ddc | ||
| 942 | _cDOAJEJ | ||
| 999 |
_c67428 _d67428 |
||
| 945 |
_a1 _bMadushi Gamage _c1 _dMadushi Gamage |
||